<?xml version="1.0" encoding="UTF-8"?>
<collection xmlns="http://www.loc.gov/MARC21/slim">
    <record>
        <controlfield tag="001">94822</controlfield>
        <controlfield tag="005">20200819092801.0</controlfield>
        <datafield tag="037" ind1=" " ind2=" ">
            <subfield code="a">TAZ-TFG-2020-515</subfield>
        </datafield>
        <datafield tag="041" ind1=" " ind2=" ">
            <subfield code="a">spa</subfield>
        </datafield>
        <datafield tag="100" ind1="1" ind2=" ">
            <subfield code="a">Alonso Román, Ignacio</subfield>
        </datafield>
        <datafield tag="242" ind1="0" ind2="0">
            <subfield code="a">Health education program destined to teenagers who follow a vegan feeding</subfield>
        </datafield>
        <datafield tag="245" ind1="0" ind2="0">
            <subfield code="a">Programa de educación para la salud destinado a adolescentes que sigan una alimentación vegana</subfield>
        </datafield>
        <datafield tag="260" ind1=" " ind2=" ">
            <subfield code="a">Zaragoza</subfield>
            <subfield code="b">Universidad de Zaragoza</subfield>
            <subfield code="c">2020</subfield>
        </datafield>
        <datafield tag="506" ind1=" " ind2=" ">
            <subfield code="a">by-nc-sa</subfield>
            <subfield code="b">Creative Commons</subfield>
            <subfield code="c">3.0</subfield>
            <subfield code="u">http://creativecommons.org/licenses/by-nc-sa/3.0/</subfield>
        </datafield>
        <datafield tag="520" ind1=" " ind2=" ">
            <subfield code="a">La alimentación vegana excluye completamente los alimentos de origen animal y sus derivados. Se trata de un tipo de dieta que está en auge en España y más concretamente entre los adolescentes por motivos tanto de salud como de lucha por los derechos de los animales.Dicho tipo de dieta puede llegar a ser beneficiosa para el organismo debido a su baja proporción de grasas saturadas y a la gran cantidad de fibra que aporta. Sin embargo, son necesarios conocimientos básicos sobre nutrición para estructurar esta dieta correctamente y que no aparezcan déficits de macro o micronutrientes. El objetivo del presente trabajo es diseñar un programa de educación para la salud sobre educación nutricional para adolescentes que siguen una dieta vegana. La metodología empleada consta de una revisión bibliográfica de las principales bases de datos y páginas web que abordan este tema.&lt;br />Este proyecto concluye que enfermería tiene el deber de educar a los adolescentes que quieran seguir una dieta vegana. Mediante un programa de educación para la salud, se resolverán sus dudas y se les ofrecerá información adecuada.&lt;br />&lt;br />&lt;br /></subfield>
        </datafield>
        <datafield tag="521" ind1=" " ind2=" ">
            <subfield code="a">Máster en Ciencias de la Enfermería</subfield>
        </datafield>
        <datafield tag="540" ind1=" " ind2=" ">
            <subfield code="a">Derechos regulados por licencia Creative Commons</subfield>
        </datafield>
        <datafield tag="700" ind1=" " ind2=" ">
            <subfield code="a">Lucha López, Ana Carmen</subfield>
            <subfield code="e">dir.</subfield>
        </datafield>
        <datafield tag="710" ind1="2" ind2=" ">
            <subfield code="a">Universidad de Zaragoza</subfield>
            <subfield code="b">Fisiatría y Enfermería</subfield>
            <subfield code="c">Enfermería</subfield>
        </datafield>
        <datafield tag="856" ind1="0" ind2=" ">
            <subfield code="f">740822@unizar.es</subfield>
        </datafield>
        <datafield tag="856" ind1="4" ind2=" ">
            <subfield code="s">735176</subfield>
            <subfield code="u">http://zaguan.unizar.es/record/94822/files/TAZ-TFG-2020-515.pdf</subfield>
            <subfield code="y">Memoria (spa)</subfield>
        </datafield>
        <datafield tag="909" ind1="C" ind2="O">
            <subfield code="o">oai:zaguan.unizar.es:94822</subfield>
            <subfield code="p">driver</subfield>
            <subfield code="p">trabajos-fin-grado</subfield>
        </datafield>
        <datafield tag="950" ind1=" " ind2=" ">
            <subfield code="a"></subfield>
        </datafield>
        <datafield tag="951" ind1=" " ind2=" ">
            <subfield code="a">deposita:2020-08-19</subfield>
        </datafield>
        <datafield tag="980" ind1=" " ind2=" ">
            <subfield code="a">TAZ</subfield>
            <subfield code="b">TFG</subfield>
            <subfield code="c">EUCS</subfield>
        </datafield>
        <datafield tag="999" ind1=" " ind2=" ">
            <subfield code="a">20200504101250.CREATION_DATE</subfield>
        </datafield>
    </record>

    
</collection>